[Event "Bundesliga 0506"]
[Site "Germany"]
[Date "2005.10.22"]
[Round "1.2"]
[White "Nikolic, Predrag"]
[Black "Hracek, Zbynek"]
[Result "1-0"]
[WhiteElo "2584"]
[BlackElo "2581"]
[Annotator "Marin,M"]
[PlyCount "83"]
[EventDate "2005.10.21"]
[EventType "team-tourn"]
[EventRounds "15"]
[EventCountry "GER"]
[SourceTitle "CBM 110"]
[Source "ChessBase"]
[SourceDate "2006.01.31"]
[SourceVersion "1"]
[SourceVersionDate "2006.01.31"]
[SourceQuality "1"]
[WhiteTeam "Solingen"]
[BlackTeam "Werder Bremen"]
[WhiteTeamCountry "GER"]
[BlackTeamCountry "GER"]

1. d4 Nf6 2. c4 e6 3. Nf3 c5 4. d5 d6 5. Nc3 exd5 6. cxd5 g6 7. g3 Bg7 8. Bg2
O-O 9. O-O Re8 {A flexible move, maintaining both possible developments for
the queen's knight.} 10. a4 $5 {From times to times, Nikolic plays this rare
move.} (10. h3) (10. Bf4) (10. Nd2) 10... Na6 ({I suppose that Nikolic had
worked out an improvement over an older game of his:} 10... a6 11. a5 $5 Nbd7
12. Bf4 Qc7 (12... Qe7) 13. Na4 h6 $13 14. Qd3 (14. h4 Rb8 15. Rc1 Nh5 16. Bd2
Ndf6 17. Nb6 Bg4 18. Bc3 Qe7 $132) 14... g5 15. Bd2 Ne4 16. Be1 Rb8 17. Rc1 (
17. Nd2 Nxd2 18. Bxd2 Ne5 {/\ Bd7}) 17... Ndf6 18. Nd2 (18. b4 Bd7 {/\ Bb5=/+})
(18. Nb6 Bf5 $1 19. Qa3 Bd7 $15) 18... Nxd2 19. Bxd2 Bd7 20. Nb6 Bb5 21. Nc4
Qe7 (21... Bxc4 22. Rxc4 b5 23. axb6 Qxb6 24. Bc3 {/\ f4+/=}) 22. Rce1 $6 (22.
e3 Ng4 23. b3 Ne5 {/\ g4-/+}) (22. Rfe1 Ne4 23. Bxe4 Qxe4 24. Qxe4 Rxe4 25.
Nxd6 Rd4 26. Be3 Rxd5 27. Bxc5 Bxb2 $13) 22... Ne4 23. Bc1 Bxc4 24. Qxc4 b5 25.
axb6 Rxb6 26. Qc2 Rb4 27. f3 Nf6 28. f4 gxf4 29. Rxf4 Rxf4 30. Bxf4 Ng4 31. Bf3
Ne5 32. Bh5 $15 {1/2-1/2 Nikolic,P (2330)-Marin,M (2480)/Thessaloniki 1988/TD})
11. Nd2 Ng4 $5 $146 {An interesting novelty.} ({After} 11... Nc7 12. Nc4 b6 {
play would unexpectedely transpose to one of the main lines of the system
introduced by 9...Na6. Recently, Nikolic was unsuccessful with the sharp
variation} 13. Nxd6 {0-1 Nikolic,P (2676)-Stellwagen,D (2524)/Wijk aan Zee
2005/CBM 105/[Kapengut] (51). Kapengut's survey over the whole variation is
quite comprehensive. However, he seems to make a confusion when he refers to
an old game of his where this variation was played, by telling that here we
have the significant difference that the moves a4 and Re8 have been inserted.
In fact, the position is precisely the same as in Boleslavsky-Kapengut, 1961.}
({I suppose that for his game against Hracek Nikolic had in mind a more solid
approach such as} 13. Bf4 Bf8 14. Qd2)) ({The other knight jump} 11... Nb4 {
is less adequate, because it does not threaten anything concrete and it allows
White set up strong pressure with} 12. Nc4 {[%csl Rd6][%cal Yc1f4,Yc3b5]}) 12.
h3 Ne5 13. f4 {Of course, it was difficult to refrain from driving the knight
away from its active position.} Nd7 14. e4 Nb4 {From a purely mathematical
point of view, Black has lost two whole tempi. However, the advance of the
white central pawns is a double edged matter. The d3-square has been seriously
weakened, while the f-pawn has taken away the f4-square from the own bishop 
(in view of Nc4 and Bf4). The main question remains whether White can carry
out the pawn break e4-e5 under favourable circumstances.} 15. a5 $5 {This move
is quite natural with the black pawn of a6 instead of a7, but here it might
look a bit strange. The concrete purpose is to take the b6-square away from
the black knight, in order to add force to the threat of Nc4.} ({The main
alternative} 15. Nc4 {would have also posed Black some concrete problems:} Nb6
16. Ne3 (16. Na3 {places the knight too far from the king side, allowing the
thematic break} f5 17. a5 Nd7 18. exf5 gxf5 19. Nc4 Nf6 {and Black seems to be
more or less OK. His knights are favourably placed, while the pressure against
the d6 pawn can offer White only temporary initiative:} 20. Nb5 Bf8 21. Ra3 Qd7
22. Qa4 {-otherwise, the knight would have to retreat, leaving Black free
hands to continue his development with Qf7, Bd7-} Rd8 23. Rd1 Qf7 {[%cal Ya8b8,
Ya7a6,Yc8d7,Yd7b5]}) {Possibly, Black would have to reccure to such radical
measures such as} 16... a5 $5 {[%cal Yc8d7,Yd8c7,Yc5c4,Yb4d3] stabilising the
b6-knight and planning to invade the d3-square by means of Bd7, Qc7, c4, Nd3.
White could not easily use his bishop to defend this square, because this
would mean leaving the h3 and, more important, e4-pawns without proper defence.
} (16... Bd7 17. a5 ({Now that the black knights are far away from the e5- and
f6-squares,} 17. f5 $5 {[%csl Re5,Rf6][%cal Ye3g4] also makes sense.}) 17...
Nc8 18. Nc4 $14)) 15... b6 $2 {Hracek seems to have completely overlooked the
point behind White's previous move.} ({He should have launched the typical
counter-attack} 15... f5 $1 16. exf5 (16. Nc4 Bd4+ 17. Kh2 Nf6 18. Nb5 (18.
exf5 Bxf5 {[%csl Yc2,Yd3,Ye4]}) 18... Nxe4 $15) 16... gxf5 17. Nc4 Nf6 $13) 16.
Nc4 $1 Ba6 17. Nxd6 {Or maybe he simply underestimated the force of this
exchange sacrifice?!} Bxf1 18. Qxf1 Rf8 19. e5 $16 {White has an impressive
domination. Black is reduced to complete passivity.} Nc2 20. Ra4 bxa5 21. Nb7
Qb6 22. d6 c4+ 23. Kh2 Ne3 24. Bxe3 Qxe3 25. Rxc4 Nb6 26. Re4 Qd2 27. Re2 Qd3
28. Nc5 Qc4 29. Bxa8 Rxa8 30. N3e4 Rc8 31. Qd1 a4 32. Rc2 Qb4 33. Qd2 a5 34. h4
Bf8 35. Qd3 Kg7 36. h5 Kh6 37. hxg6 hxg6 38. Kg2 Kg7 39. Kf3 Qe1 40. Rh2 Qg1
41. Rh4 Rxc5 42. Nf6 1-0

[Event "Candidates sf"]
[Site "Elista"]
[Date "2007.06.03"]
[Round "1.7"]
[White "Aronian, Levon"]
[Black "Carlsen, Magnus"]
[Result "1-0"]
[WhiteElo "2759"]
[BlackElo "2693"]
[Annotator "Marin,M"]
[PlyCount "131"]
[EventDate "2007.05.27"]
[EventType "k.o."]
[EventRounds "12"]
[EventCountry "RUS"]
[SourceTitle "CBM 119"]
[Source "ChessBase"]
[SourceDate "2007.08.01"]
[SourceVersion "1"]
[SourceVersionDate "2007.08.01"]
[SourceQuality "1"]

1. d4 Nf6 2. Nf3 e6 3. c4 c5 4. d5 exd5 5. cxd5 d6 6. Nc3 g6 7. g3 Bg7 8. Bg2
O-O 9. O-O a6 10. a4 Re8 11. Bf4 Ne4 {I had this early knight move in my
opening notebook (paper notebook, I mean) about 20 years ago. I remember that
I was attracted by the activity displayed by the black rook along the 4th rank,
but did not bother about remaining underdeveloped. Nowadays I would think
twice before playing this line.} 12. Nxe4 Rxe4 13. Nd2 Rb4 14. b3 $5 {A rare
move. According to my old notebook, it was first suggested by Bozidar Ivanovic.
} ({The main line continues} 14. Ne4 {Apparently threatening to win a crucial
pawn.} h6 $1 {Black's whole play is based on this modest looking move.} 15. Ra2
$1 {Suddenly, it becomes clear that capturing the d6 pawn would lose material
to echo variations:} (15. Nxd6 Rxf4 16. Nxc8 Rd4 {or}) (15. Bxd6 Rxe4 16. Bxb8
Rd4) ({These lines are a good illustration of the fourth rank activity of the
black rook. My initial preparation relied on an older game by Tal:} 15. Bd2
Rxb2 16. Qc1 Rxd2 17. Qxd2 f5 18. Nc3 {and now I wanted to improve over
Savon-Tal USSR 1970, where Black saved himself by a miracle, with the
developing move} Nd7 {Black has a dangerous queenside majority and a strong
bishop to compensate for the exchange; besides, White's rook don't have too
many active possibilities yet. 15.Ra2 was the novelty prepared for use against
me by Adorjan.}) 15... f5 16. Nc3 Qf6 {I only once repeated the line in recent
times. The game went:} 17. Qc1 {Before retreating the bishop to d2 in order to
bother the rook, White defends the b2 pawn without loss of tempo, causing at
the same time a further weakening of the black kingside.} (17. e4 Nd7 18. exf5
gxf5 19. Bd2 Qf7 20. b3 Nf6 {I put maximum pressure on the central pawn, in
order to prepare the spectacular escape of the rook.} 21. Ne2 Re4 $1 22. Bc3 ({
After} 22. Bxe4 fxe4 {Black would get a strong centre after eliminating the
d5-pawn, as well as excellent attacking chances on the weakened light squares
around the white king.}) 22... Re7 23. Nf4 {White has regrouped his minor
pieces in an optimal way, but he will still have to lose some time in order to
nullify the pressure along the e-file, thus allowing Black to maintain the
balance.} Bd7 24. Re1 Rae8 25. Rxe7 {and White offered a draw in the game
Adorjan-Marin, Szirak Izt 1987/CBM 003. A logical continuation would have been}
Rxe7 26. Re2 Rxe2 27. Qxe2 Nh5 {A key move, exchanging White's active knight.}
28. Bd2 Nxf4 29. Bxf4 Qf6 30. a5 {with even chances. When annotating the game
for the New in Chess Yearbook 8, I became less convinced that Adorjan's 17.e4
was the best move. 17.Qc1, as played by Akesson, seemed much more dangerous,
but in my notes I gave an apparently promising continuation for Black...})
17... g5 18. Bd2 {The only thing I remembered during the game was that this
was the critical continuation and that I had written something about it. White
intends to retreat the knight to d1 and win the exchange in a reasonable form.}
Bd7 $5 {One of the most paradoxical move I've ever played. As if it wasn't
enough that Black is undeveloped, he seemed to volunturily block the access of
the knight and rook to life. How can a player ever consider such a move? I had,
of course, started with the natural continuations.} ({I saw rather quickly that
} 18... b5 $2 {loses to} 19. Nxb5 $1 {because of the pin along the c-file. (I
was rather confused when I found out that in 1987 I had missed this tactical
blow and recommended 18...b5 as the best move with the continuation}) (18...
Nd7 {looks like the most natural continuation, but after} 19. Nd1 {the main
problem is that White will capture on b4 only after the black knight will move
away from d7, thus failing to occupy the c5-square, made available by ...cxb4.
At the same time, maintaining the knight on d7 would leave the rest of the
queen side undeveloped. We shall soon see that the move actually played in the
game is a much better way of coordinating the pieces.}) 19. Qc2 {One obvious
aim of Black's last move was to delay Nd1 for a moment because of the hanging
a4-pawn. However, the idea is much deeper than that, as will become clear
after the next move.} a5 $1 {After having taken the b5 square under control,
Black can safely play this move, preparing to develop the knight to a6.} 20.
Nd1 ({My opponent avoids a small trap:} 20. Nb5 $6 Bxb5 21. Bxb4 $2 axb4 $1 {
when Black wins material.}) 20... Na6 21. Bc3 Qf7 22. Ra1 {White has made all
the preparatory moves and seems to be ready to capture the rook. On the other
hand, Black has completed his development and is ready to recapture on b4 with
the c-pawn, clearing the c5 square for the knight, an improved version of the
idea behind the natural 18...Nd7 (instead of 18...Bd7). I considered my
position to be slightly better already.} f4 {It is important to deny the
access of the white knight to c4 via e3. For the first time in the game, my
opponent sank into a prolonged thought. He gradually understood that "winning"
the exchange wouldn't favor him and played the strong} 23. Be4 {taking under
control the weakened light diagonal and preventing the annoying ...Bf5.} ({
I had hoped for a variation such as} 23. Bxb4 cxb4 24. Rc1 Nc5 25. b3 Bf5 26.
Qa2 Re8 {when White is completely paralyzed. For instance,} 27. Re1 $2 {
with the idea of defending the e2 pawn and preparing Nb2-c4, would lose
instantly to} Nd3 $1) 23... Rf8 24. Bg6 Qe7 25. Re1 Be5 $36 {Black prepares to
drive the enemy bishop back with Kg7, Rf6, thus preparing a massive kingside
attack, Akesson,J (2333)-Marin,M (2531)/Gothenburg 2004/CBM 099 (1/2-1/2, 93)})
14... Rxf4 $146 {This move has never been played before, but was part of my
preparation, too.} (14... Nd7 15. Ra2 (15. Bxd6 $1 $14) 15... Ne5 16. Bxe5 Bxe5
17. Nc4 Qe7 18. a5 Bd7 19. Qc2 Bb5 $11 {Hausner,I (2435)-Sikora Lerch,J (2415)/
Frenstat 1982/MCD (1-0, 56)}) 15. gxf4 Bxa1 16. Qxa1 {Black has managed to
somewhat simplify the position, but this does not solve the problem of his
delay in development. Just look at the position! All his pieces (except for
the king) find themselves on their initial squares, while White has brought
all his pieces into play already (well, maybe with the exception of his rook).
However, if Black manages to develop somehow, he would get a good position,
mainly because of his more flexible pawn structure.} Nd7 17. Ne4 $1 {It is
important to prevent Black from placing his knight on f6.} ({My old analysis
goes} 17. Nc4 Nf6 18. a5 Qe7 {with a reasonable position for Black. My main
argument was that a massive pawn attack in the centre, which generally is a
logical consequence of installing a knight on c4, is not without risk because
it would weaken the f4-square:} 19. e4 Nh5 $1 $132) 17... Qe7 18. Rc1 {
Systematic improvement of piece placement.} b6 {A safe, but somewhat passive
way to complete the development. The bishop will have nothing to do on b7.} (
18... f5 $6 19. Ng5 Nf6 20. Rc3 $36 {[%csl Ye6]}) 19. Rc3 Nf6 20. Re3 Nxe4 21.
Bxe4 Qd8 22. Rg3 {White concentrates all his forces against the enemy kingside.
However, the g6-square is solidly defended and Black gets some time to
continue his development.} Qh4 $6 {The idea of this move was probably to force
e3 and cut the rook off from the rest of the board.} ({I believe that Black
should have hurried to neutralize White's pressure along the long dark
diagonal with} 22... f5 23. Bd3 Ra7 {[%cal Ya7f7,Gd8f6] This manoeuvre might
make the whole variation playable.}) 23. e3 Qe7 24. Bd3 {The bishop is well
placed here. It inhibits ...b5 and prevents the natural development based on ..
.Bd7 and ...Re8, by keeping the a6-pawn under observation.} Bb7 25. e4 Re8 26.
f5 $14 {White has strong pressure now and it is not easy for Black to free
himself.} Qh4 (26... Qe5 {would have led to similar positions as in the game.})
27. h3 Bc8 28. Qc3 Qf4 29. Qf6 Qe5 30. Qxe5 Rxe5 ({Maybe} 30... dxe5 $14 {
would have offered better chances to avoid being crushed by White's central
pawns.}) 31. f4 Re8 32. f6 $1 $16 {Black is very passive. He cannot do
anything against White's systematic strengthening of his position.} Bd7 33. Re3
b5 34. axb5 axb5 35. e5 Kf8 36. Kf2 Kg8 37. Be2 Kf8 38. h4 Kg8 39. Ke1 Kf8 40.
Kd2 h6 41. Bd3 h5 42. e6 fxe6 43. Bxg6 exd5 44. Bxe8 Bxe8 45. Re6 c4 46. Rxd6
cxb3 47. Kc3 Kf7 48. Kxb3 Kg6 49. Kb4 Kf5 50. Kc5 Bf7 51. Kxb5 Be6 52. Kc5 Kxf6
53. Kd4 Kf5 54. Ke3 Bf7 55. Kf3 Be6 56. Ra6 Bf7 57. Ra8 Kf6 58. Ra6+ Kf5 59.
Ra1 Bg6 60. Rg1 Kf6 61. Ke3 Bf7 62. Rg5 Ke6 63. Kd4 Kf6 64. Kc5 Ke7 65. Rg7 Kf6
66. Rxf7+ 1-0

[Event "Linares 27th"]
[Site "Linares"]
[Date "2010.02.21"]
[Round "8"]
[White "Grischuk, Alexander"]
[Black "Gashimov, Vugar"]
[Result "1-0"]
[WhiteElo "2736"]
[BlackElo "2759"]
[Annotator "Marin,M"]
[PlyCount "79"]
[EventDate "2010.02.13"]
[EventType "tourn"]
[EventRounds "10"]
[EventCountry "ESP"]
[EventCategory "21"]
[SourceTitle "CBM 135"]
[Source "ChessBase"]
[SourceDate "2010.03.17"]
[SourceVersion "1"]
[SourceVersionDate "2010.03.17"]
[SourceQuality "1"]

1. d4 Nf6 2. c4 e6 3. Nf3 c5 4. d5 d6 5. Nc3 exd5 6. cxd5 g6 7. g3 Bg7 8. Bg2
O-O 9. O-O Re8 10. Bf4 Na6 11. Re1 Bg4 {There has been some intense discussion
in this line lately.} 12. Qb3 {Only played once before this game. White
executes a developing move, connecting rooks and putting some pressure on the
black queenside.} ({The last game with this line that I have annotated went} 
12. h3 Bxf3 13. Bxf3 {and now} Nd7 $1 {more or less solved Black's problems in
Wang Yue (2738)-Ivanchuk,V (2746)/Sofia 2009/CBM 131/[Marin,M] (1/2, 34).})
12... Nh5 $146 {This takes the knight far from its optimal route (...Nd7), but
the pressure of the f4-bishop had to be removed somehow.} ({The pawn sacrifice
} 12... c4 $2 {is not justified.} 13. Qxb7 (13. Qxc4 Rc8 14. Qb3 Nc5 15. Qa3
$14) 13... Nc5 14. Qb4 Rb8 {Al Sayed,M (2474)-Piscopo,P (2379)/Calvi 2008/CBM
123 Extra (0-1, 23)} 15. Qxc4 Rxb2 16. Rab1 $16) 13. Bg5 Qd7 {Black ensures
some stability to his bishop along the h3-c8 diagonal, defends b7 and sustains
an eventual advance of the b-pawn to b5.} (13... Qb6 $6 {does not solve
Black's problems completely. This is an instructive position, in which neither
side is interested in releasing the tension by capturing the enemy queen. This
would strengthen the enemy's control over the centre and open the a-file for
his rook. In order to illustrate this nuance, I have presented two almost
identical lines with the two possible situations.} 14. Nd2 (14. Qxb6 axb6 15.
Nd2 Nb4 16. Nc4 Nc2 $132 17. Nxd6 Nxe1 18. Rxe1 Bxc3 19. bxc3 Rxe2 20. Rxe2
Bxe2 21. Nxb7 Rxa2 $17 {The rook has been activated, while the c5-pawn is well
defended.}) 14... Qxb3 15. axb3 Nb4 16. Nc4 $14 Nc2 17. Nxd6 Nxe1 18. Rxe1 Bxc3
19. bxc3 Rxe2 20. Rxe2 Bxe2 21. Nxb7 $16 {Just look how passive the rook is
and how strong the White queenside pawns are!}) 14. Nd2 {[%csl Gd6][%cal Gd2c4]
Given the slightly awkward placement of the enemy knights, the threat of Nc4,
putting pressure on d6, becomes unpleasant.} h6 15. Be3 Bf5 $2 {Black's
position was quite delicate in any case; losing a tempo for nothing will cause
it to become critical.} (15... Nc7 16. a4 b6 ({The thematic} 16... Rxe3 {
does not work out so well:} 17. fxe3 b6 18. Nc4 Re8 19. e4 {With his
light-squared bishop on the queenside, Black could play ...Ba6xc4, obtaining
the absolute control over the e5-square, with good compensation. The way it is,
the threat e4-e5 is very unpleasant.}) 17. Nc4 Rad8 {Black has completed his
development and has a viable position.} 18. Bd2 {Removing the bishop from an
exposed square.} (18. Rad1 Bh3 $11 19. Nxd6 $2 Rxe3 $1) 18... Bh3 19. Nxd6 (19.
Bh1 f5 $132) 19... Qxd6 20. Bxh3 Nxd5 $132 {/+/= White's light-squared bishop
looks stronger than the knight, but Black is very well developed. Besides, the
presence of queens could transform the knight into a dangerous attacking piece.
}) 16. Nc4 Nb4 17. Rac1 Rab8 18. a4 b6 (18... a6 19. a5 $16) 19. Nb5 Bf8 20.
Bd2 {Suddenly, Black's position is on the verge of collapse.} a6 {Hoping to
push White back and re-activate the bishop.} 21. Nbxd6 $1 {White evaluates
very accurately the consequences of this forced exchange operation. Black will
remain completely uncoordinated, without having at least a material advantage
to compensate him for his problems.} b5 (21... Bxd6 22. e4 Bg4 23. h3 $16) (
21... Bc2 22. Rxc2 Nxc2 23. Qxc2 Bxd6 24. Bxh6 $16) 22. Nxe8 bxc4 23. Qxc4 Rxe8
24. Bxb4 cxb4 25. e4 Bg4 26. e5 Qf5 27. e6 $18 {Being supported by the well
mobilised white army, these pawns cause Black irreparable damage.} fxe6 28.
dxe6 Be7 29. f3 Bh3 30. g4 Qg5 31. Bxh3 Nf4 32. Bf1 Rf8 33. Qc7 h5 34. Qe5 Qh4
35. Re4 Nh3+ 36. Bxh3 Qxh3 37. Qg3 hxg4 38. Qxh3 gxh3 39. Kf2 Rd8 40. Ke2 1-0